000
00299nam a2200109Ia 4500
008
190907s9999||||xx |||||||||||||| ||und||
100
_a
AT & T
245
0
_a
Open Look Graphical User Interface Application Style Guidelines
260
_a
New York
_b
Addison -Wesley
_c
1990
300
_a
388
942
_c
BK
999
_c
6244
_d
6244